LEADER 01088nam a2200217 i 4500 001 000000184697 003 CaOOAMICUS 005 20100118000000.0 008 100118s1962 it u000 u ita u 013 $a162679 040 $aSeMil$bita 245 13$aIl laicato cattolico dei paesi di missione :$bAtti della seconda settimana di studi missionari. Milano, 4-8 settembre 1961 /$cUniversità Cattolica del Sacro Cuore. 260 $aMilano :$bVita e Pensiero,$cstampa 1962. 300 $aXIII, 298 p. ;$c24 cm. 500 $aContiene : Appendici. 650 4$aLaicato missionario - Atti di congressi.$0(OLS)http://semarc/subject/46464 710 2 $aUniversità Cattolica del Sacro Cuore .$0(OLS)http://semarc/name/61771 850 $aSeMil 852 $aSeMil$W1$xVenegono$y1$m3E IV 166$j135389$B135389$CSeMilBibl$Z2$F146984 $81 996 $6245$aIl laicato cattolico dei paesi di missione :$bAtti della seconda settimana di studi missionari. Milano, 4-8 settembre 1961$9(OLS)http://semarc/title/265194 996 $6260$aMilano :$bVita e Pensiero$9(OLS)http://semarc/publisher/29642 LEADER 01411nam a2200241 i 4500 001 000000189069 003 CaOOAMICUS 005 20100429000000.0 008 100429s1965 fr u000 u mul u 013 $a167324 040 $aSeMil$bita 245 10$aRéincarnation et vie mystique en Afrique Noire :$bColloque de Strasbourg (16-18 mai 1963) 260 $aParis :$bPresses Universitaires de France,$c1965. 300 $a187 p. ;$c22 cm. 490 0 $aBibliothèque des centres d'études supérieures spécialisés : Travaux du Centre d'études supérieures spécialisé d'histoire des religions de Strasbourg 650 4$aReincarnazione - Africa nera.$0(OLS)http://semarc/subject/35591 650 4$aMistica africana.$0(OLS)http://semarc/subject/35592 700 1 $aCentre de recherches d'histoire des religions .$0(OLS)http://semarc/name/6537 830 0$aBibliothèque des centres d'études supérieures spécialisés : Travaux du Centre d'études supérieures spécialisé d'histoire des religions de Strasbourg.$0(OLS)http://semarc/title/18313 850 $aSeMil 852 $aSeMil$W1$xVenegono$y1$m2X IV 196$j139702$B139702$CSeMilBibl$Z2$F151305 $81 996 $6245$aRéincarnation et vie mystique en Afrique Noire :$bColloque de Strasbourg (16-18 mai 1963)$9(OLS)http://semarc/title/272216 996 $6260$aParis :$bPresses Universitaires de France$9(OLS)http://semarc/publisher/30047